Opce na akcie společnosti a jejich role při redukci nákladů zastoupení

Všeobecná charakteristika opcie na akcie spoločnosti. Stúpenci verzus kritici opcií na akcie spoločnosti. Formy opcií na akcie spoločnosti. Oceňovanie opcií na akcie spoločnosti. Daňové aspekty opcií na akcie spoločnosti v USA. Problémy súvisiace s použitím opcií na akcie spoločnosti. Fantómové opč...

Description complète

Enregistré dans:
Détails bibliographiques
Auteur principal: Fujerik, Martin
Autres auteurs: Marek, Petr
Format: Chapitre de livre
Langue:tchèque
Sujets:
Tags: Ajouter un tag
Pas de tags, Soyez le premier à ajouter un tag!

MARC

LEADER 00000naa$a2200000$$$4500
001 0054664
005 20231116103738.8
041 0 |a cze 
044 |a CZ 
245 1 0 |a Opce na akcie společnosti a jejich role při redukci nákladů zastoupení  |c Martin Fujerik, Petr Marek 
520 |a Všeobecná charakteristika opcie na akcie spoločnosti. Stúpenci verzus kritici opcií na akcie spoločnosti. Formy opcií na akcie spoločnosti. Oceňovanie opcií na akcie spoločnosti. Daňové aspekty opcií na akcie spoločnosti v USA. Problémy súvisiace s použitím opcií na akcie spoločnosti. Fantómové opčné plány. Opcie a vhodná štruktúra odmien. Narayananové doporučenie. Lipperov model odmeňovania manažérov. 
610 2 0 |a znižovanie nákladov 
610 2 0 |a akcionári 
610 2 0 |a manažéri 
610 2 0 |a odmeňovanie 
610 2 0 |a oceňovanie 
610 2 0 |a zdaňovanie 
610 2 0 |a kontraktácia 
610 2 0 |a právomoc 
610 2 0 |a akcie účastinné 
610 2 0 |a opcie 
100 1 |a Fujerik, Martin 
700 1 |a Marek, Petr